| 000 | 00597nam a2200193Ia 4500 | ||
|---|---|---|---|
| 005 | 20250508152321.0 | ||
| 008 | 008 250505s9999 xx 000 0 eng d | ||
| 037 | _aTextual | ||
| 040 |
_aFEDL _beng _cFEDL |
||
| 041 |
_aeng _2eng |
||
| 084 |
_a370.1, BLO _qFEDL |
||
| 100 |
_aBlooms Benjamin S. Ed. _9761197 |
||
| 245 | 0 | _aTaxonomy of educational objectives : The classification of educational goals | |
| 260 |
_aNew York, USA _bLongmans, Green and Co. _c1956 |
||
| 300 | _a207p | ||
| 650 | _aEducation - Philosophy | ||
| 942 |
_cTEXL _h370.1, BLO |
||
| 999 |
_c1335695 _d1335695 |
||